Les 10 plus grands méchants de dragon ball z - Statistiques

Statistiques générales
  • Ce quiz a été pris 3 399 fois
  • Le résultat moyen est 6 sur 10
Statistiques - réponses
Réponse % Correct
Freezer
98%
Cell
97%
Vegeta
79%
Boo
73%
C17
59%
C18
59%
Raditz
48%
Broly
43%
Piccolo
41%
Cooler
33%
Aucun quiz correspondant
Distribution des résultats
% des personnes avec chaque résultat
Percentile par nombre de réponses
Votre historique - résultats
Vous n’avez pas pris ce quiz